000 00548nam a2200229Ia 4500
003 OSt
005 20220918192712.0
006 a|||||r|||| 00| 0
007 ta
008 220917b |||||||| |||| 00| 0 eng d
024 _a69,709
037 _cTextual
040 _aARTS
_cARTS
_beng
041 _2eng
_aeng
082 _aQz7, J3
100 _aMehta N P
_979839
245 0 _aGlimpses of truth as they came to me
260 _c1953
650 _aRELIGION
942 _hQz7, J3
_cTEXL
_2CC
999 _c195840
_d195840